Nghiên cứu phản ứng đồng trùng hợp ghép axit acrylic lên sợi bông sử dụng hệ khơi mào Fe2+/H2O2

Tổng quan vấn đề nghiên cứu phản ứng đồng trùng hợp ghép axit acrylic lên sợi bông sử dụng hệ khơi mào Fe2+/H2O2. Nguyên liệu và phương pháp nghiên cứu. Kết quả và bàn luận: Đặc tính hóa lý của sợi bông; xử lý sợi; Ảnh hưởng của quá trình xử lý sợi bông đến các thông số ghép axit acrylic; các yếu tố...

ver descrição completa

Na minha lista:
Detalhes bibliográficos
Autor principal: Nguyễn, Thị Mỹ
Outros Autores: Trần, Mạnh Lục TS (Hướng dẫn)
Formato: Livro
Idioma:Vietnamese
Publicado em: Đại học Đà Nẵng Trường đại học Sư Phạm 2011
coleção:Khóa luận tốt nghiệp đại học. Chuyên ngành: Sư phạm hóa
Assuntos:
Tags: Adicionar Tag
Sem tags, seja o primeiro a adicionar uma tag!
Thư viện lưu trữ: Mạng thư viện Đại học Đà Nẵng
LEADER 01842nam a2200349 4500
001 000012544
003 8848
005 20120222080210.0
008 120222s2011 viesd
041 |a vie 
072 |a Khóa luận tốt nghiệp 
082 |a 547.842  |b NG-M 
100 |a Nguyễn, Thị Mỹ 
245 |a Nghiên cứu phản ứng đồng trùng hợp ghép axit acrylic lên sợi bông sử dụng hệ khơi mào Fe2+/H2O2  |c Nguyễn, Thị Mỹ 
260 |a Đại học Đà Nẵng  |b Trường đại học Sư Phạm  |c 2011 
300 |a 57 tr.  |b hình mhọa  |c 29 cm 
490 |a Khóa luận tốt nghiệp đại học. Chuyên ngành: Sư phạm hóa 
500 |a Tham khảo tr. cuối 
520 |a Tổng quan vấn đề nghiên cứu phản ứng đồng trùng hợp ghép axit acrylic lên sợi bông sử dụng hệ khơi mào Fe2+/H2O2. Nguyên liệu và phương pháp nghiên cứu. Kết quả và bàn luận: Đặc tính hóa lý của sợi bông; xử lý sợi; Ảnh hưởng của quá trình xử lý sợi bông đến các thông số ghép axit acrylic; các yếu tố ảnh hưởng đến quá trình ghép axit acrylic sử dụng hệ khơi mào Fe2+/H2O2 
653 |a Khóa luận tốt nghiệp đại học 
653 |a Khoa Hóa học 
700 |a Trần, Mạnh Lục  |c TS  |e Hướng dẫn 
OWN |a LSP 
AVA |a UDN50  |b LSP  |d 547.842 NG-M  |e available  |t Error 5001 Not defined in file expand_doc_bib_avail.  |f 1  |g 0  |h N  |i 0  |k 1 
999 |a From the UDN01 
AVA |a UDN50  |b LSP  |d 547.842 NG-M  |e available  |t Error 5001 Not defined in file expand_doc_bib_avail.  |f 1  |g 0  |h N  |i 0  |k 1 
TYP |a Monograph 
TYP |a Printed language 
980 |a Mạng thư viện Đại học Đà Nẵng